书目信息 |
| 题名: |
东北抗日义勇军史
|
|
| 作者: | 潘喜廷 , 卞直甫 , 赵长碧 , 王秉中 著 | |
| 分册: | ||
| 出版信息: | 沈阳 辽宁人民出版社 1985 |
|
| 页数: | 577页 | |
| 开本: | 20cm | |
| 丛书名: | 东北文史丛书 | |
| 单 册: | ||
| 中图分类: | K264.3 | |
| 科图分类: | ||
| 主题词: | 军队史-东北抗日义勇军 | |
| 电子资源: | ||
| ISBN: | ||
| 000 | 00906nam2 2200325 45 | |
| 001 | 0185001672 | |
| 005 | 20040519082455.9 | |
| 010 | @dCNY3.40 | |
| 091 | @a11090.140 | |
| 100 | @a19900816d1985 em y0chiy0121 ea | |
| 101 | 0 | @achi |
| 102 | @aCN@b210000 | |
| 105 | @af z 000yd | |
| 106 | @ar | |
| 200 | 10 | @a东北抗日义勇军史@Adong bei kang ri yi yong jun shi@f潘喜廷等著 |
| 210 | @a沈阳@c辽宁人民出版社@d1985 | |
| 215 | @a577页@c照片@d20cm | |
| 225 | 2 | @a东北文史丛书 |
| 410 | 0 | @120010@a东北文史丛书 |
| 601 | 02 | @a东北抗日义勇军@x军队史 |
| 606 | @a军队史-东北抗日义勇军 | |
| 610 | 0 | @a义勇军 |
| 690 | @aK264.3@v3 | |
| 701 | 0 | @a潘喜廷@Apan xi ting@4著 |
| 701 | 0 | @a卞直甫@Abian zhi fu@4著 |
| 701 | 0 | @a赵长碧@Azhao chang bi@4著 |
| 701 | 0 | @a王秉中@Awang bing zhong@4著 |
| 801 | 0 | @aCN@b深圳图书馆@c20040519 |
| 801 | 2 | @aCN@bNLC@c20040519 |
| 905 | @f2@b156131-132@dK264.3@e23 | |
| 东北抗日义勇军史/潘喜廷等著.-沈阳:辽宁人民出版社,1985 |
| 577页:照片;20cm.-(东北文史丛书) |
| ISBN :CNY3.40 |
| ● |
| 相关链接 |
|
|
|
|
正题名:东北抗日义勇军史
索取号:K264.3/23
 
预约/预借
| 序号 | 登录号 | 条形码 | 馆藏地/架位号 | 状态 | 备注 |
| 1 | 0156131 | 000352932 | 密集书库/ [索取号:K264.3/23] | 在馆 | |
| 2 | 0156132 | 000352941 | 第二借阅区/ [索取号:K264.3/23] | 在馆 | |
| 3 | 0156133 | 000352950 | 第二样本阅览室/ [索取号:K264.3/23] | 在馆 |